000
00464nam a2200181Ia 4500
008
090124s9999 xx 000 0 und d
082
_b
128561
100
_a
परदेशी दिलीप
245
_a
अबोली
250
_a
1
260
_c
1998
300
_a
66
600
_a
परदेशी दिलीप
630
_a
अबोली
700
_a
परदेशी दिलीप
730
_a
अबोली
942
_c
BOOK
999
_c
174650
_d
174650